000 07175cam a2200685 a 4500
005 20090122145238.0
008 860423t19861925nyu 000 1 eng
010 _aB-358926
020 _a9788128614576
_c199.00
035 _aB-358926
035 _aB-333523-554
037 _bBlueberry Books
040 _adpl
082 _aN
100 _aChristie, Agatha
245 _aThe big four /
_cby Agatha Christie; illustrated by Alain Paillou
260 _aMumbai
_bEuro Books
_c2007
270 _aDani Corporate Park, 158, Vidyanagari Marg, Kalina, Santacruz
_bMumbai
_e400098
300 _a48 p.
_c31cm.(pbk)
_bcol.ill.
500 _aIt's a graphic novel
655 _aDetective and mystery stories.
655 _aDetective and mystery stories.
700 _aPaillou, Alain
942 _2ddc
_cCH
_hN
_mCHR
999 _c22240
_d22240